header

The chemistry of inkjet inks (Record no. 142046)

MARC details
000 -LEADER
fixed length control field 01138nam a2200301Ia 4500
082 04 - DEWEY DECIMAL CLASSIFICATION NUMBER
Classification number 667.5
245 04 - TITLE STATEMENT
Title The chemistry of inkjet inks
260 ## - PUBLICATION, DISTRIBUTION, ETC. (IMPRINT)
Place of publication New Jersey ;
-- London :
Name of publisher World Scientific,
Year of publication c2010.
300 ## - PHYSICAL DESCRIPTION
Number of Pages viii, 345 p. :
Other physical details ill.
650 #0 - SUBJECT ADDED ENTRY--TOPICAL TERM
Topical Term Printing ink.
Topical Term Ink-jet printing.
700 1# - ADDED ENTRY--PERSONAL NAME
Personal name Magdassi, Shlomo,
856 40 - ELECTRONIC LOCATION AND ACCESS
Uniform Resource Identifier http://site.ebrary.com/lib/rucke/Doc?id=10422378

No items available.

© 2026 Rongo University
Contact us: librarian | system librarian | Rongo university